[Event "Niedersachsen-ch op"]
[Site "Verden"]
[Date "2016.01.04"]
[Round "4"]
[White "Rein, Joachim"]
[Black "Graf, Lucas"]
[Result "1/2-1/2"]
[WhiteElo "1876"]
[BlackElo "1761"]
[PlyCount "54"]
[EventDate "2016.01.03"]
[EventType "swiss"]
[EventRounds "7"]
[EventCountry "GER"]
[SourceTitle "EXT 2018"]
[Source "ChessBase"]
[SourceDate "2017.10.13"]
[SourceVersion "1"]
[SourceVersionDate "2017.10.13"]
[SourceQuality "1"]

1. d4 Nf6 2. Nd2 g6 3. e4 d6 4. f4 c5 5. d5 e6 6. c4 exd5 7. exd5 Bg7 8. Ngf3 0-0 9. Be2 Na6 10. 0-0 Nc7 11. a4 b6 12. Bd3 a6 13. Qc2 Rb8 14. Ra2 b5 15. b3 Ng4 16. Ne4 f5 17. Nf2 Nxf2 18. Qxf2 bxc4 19. bxc4 Qf6 20. Re1 Bd7 21. a5 h6 22. Qc2 Rfe8 23. Rxe8+ Nxe8 24. h3 Kf7 25. Bd2 Rb7 26. Qc1 Rb3 27. Qc2 Rb7 1/2-1/2

[Event "Niedersachsen-ch op"]
[Site "Verden"]
[Date "2016.01.03"]
[Round "1"]
[White "Silber, Kevin"]
[Black "Rein, Joachim"]
[Result "0-1"]
[WhiteElo "1836"]
[BlackElo "1876"]
[PlyCount "34"]
[EventDate "2016.01.03"]
[EventType "swiss"]
[EventRounds "7"]
[EventCountry "GER"]
[SourceTitle "EXT 2018"]
[Source "ChessBase"]
[SourceDate "2017.10.13"]
[SourceVersion "1"]
[SourceVersionDate "2017.10.13"]
[SourceQuality "1"]

1. e4 e6 2. d4 d5 3. Nd2 dxe4 4. Nxe4 Nd7 5. Bd3 Ngf6 6. c3 c5 7. dxc5 Nxe4 8. Bxe4 Bxc5 9. Be3 Bxe3 10. fxe3 Qh4+ 11. Kf1 Qxe4 12. Qb3 0-0 13. Rd1 b6 14. Nf3 Qxe3 15. Qc2 Ba6+ 16. c4 Nf6 17. b4 Rad8 0-1

[Event "Niedersachsen-ch op-A"]
[Site "Verden"]
[Date "2014.01.03"]
[Round "4"]
[White "Rein, Joachim"]
[Black "Klink, Sabine"]
[Result "1-0"]
[WhiteElo "1958"]
[BlackElo "1672"]
[PlyCount "173"]
[EventDate "2014.01.02"]
[EventType "swiss"]
[EventRounds "7"]
[EventCountry "GER"]
[SourceTitle "EXT 2016"]
[Source "ChessBase"]
[SourceDate "2015.10.08"]
[SourceVersion "1"]
[SourceVersionDate "2015.10.08"]
[SourceQuality "1"]

1. d4 Nf6 2. e3 g6 3. f4 d5 4. Nf3 Bg7 5. Bd3 Nc6 6. c3 Bg4 7. Nbd2 Qd7 8. 0-0 0-0-0 9. b4 Bxf3 10. Rxf3 Ng4 11. e4 Nxd4 12. Rg3 Nc6 13. exd5 Qxd5 14. Qxg4+ Kb8 15. Be4 Qb5 16. Bxc6 Qxc6 17. Qf3 Qb6+ 18. Kh1 Qd6 19. Qf1 Qe6 20. Nb3 Rd6 21. Re3 Qf5 22. Bb2 Rhd8 23. Rxe7 Qh5 24. h3 a6 25. Rae1 Bf6 26. R7e2 Bh4 27. Rc1 Rd3 28. Nd4 Qd5 29. c4 Qd7 30. Rec2 Rxd4 31. Bxd4 Qxd4 32. b5 a5 33. c5 Bg3 34. Rc4 Qd2 35. b6 c6 36. f5 gxf5 37. Qxf5 Qd1+ 38. Qf1 Qd5 39. Qf3 Be5 40. Qxd5 Rxd5 41. g4 Rd2 42. R1c2 Rd3 43. Re4 Rxh3+ 44. Kg1 f6 45. g5 Rd3 46. gxf6 Bxf6 47. Rf2 Bd8 48. Rf7 h5 49. Ra4 Rd1+ 50. Kg2 Rd2+ 51. Kf3 Rd3+ 52. Ke2 Rd5 53. Rxa5 h4 54. Ra7 Rxc5 55. Raxb7+ Kc8 56. Ra7 Kb8 57. Rad7 Rd5 58. Rxd5 cxd5 59. b7 Bc7 60. Rh7 Kxb7 61. Rxh4 Kc6 62. Kd3 Bb6 63. Rb4 Bc5 64. Rb3 Bb6 65. a4 Kc5 66. Rb5+ Kc6 67. Kc3 Bc5 68. Kb3 Bd6 69. Kc3 Bc5 70. Rb8 Kc7 71. Rb1 Kc6 72. a5 Kc7 73. Kb3 Kc6 74. Ka4 d4 75. Rb3 Ba7 76. Kb4 Bc5+ 77. Kc4 Ba7 78. Rb5 Kc7 79. Rh5 Kb7 80. Kb5 Bb8 81. Rh7+ Ka8 82. Rd7 Ba7 83. Kc6 Bb8 84. Rxd4 Ka7 85. Kb5 Kb7 86. Rd7+ Kc8 87. Kc6 1-0